000
00321nam a22001337a 4500
008
181226b xxu||||| |||| 00| 0 eng d
020
_a
0321290089
041
_a
eng
080
_2
3rd
_a
510
100
_a
36
101
_a
MAT
245
_a
College Algebra with Modeling and Visualization
_c
Rockswold,R
942
_2
udc
_c
BK
999
_c
53769
_d
53769